20 Famous People from Montenegro - Statistics

General Stats
  • This quiz has been taken 86 times
    35 since last reset
  • The average score is 8 of 20
Answer Stats
Hint Answer % Correct
Prince-Bishop (vladika) of Montenegro, poet and philosopher Petar II Petrović Njegoš
66%
NBA All-Star center who played for Philadelphia, Orlando and Chicago Nikola Vučević
59%
Footballer who played for Budućnost, Partizan, Valencia and Real Madrid Predrag Mijatović
59%
Long-term President and Prime Minister of Montenegro Milo Đukanović
55%
Football striker who played for Lecce, Roma and Juventus Mirko Vučinić
55%
Stage name of a 90s dance-pop singer Nenad Knežević Knez
52%
Footballer who won the European Cup with Red Star in 1991 Dejan Savićević
48%
Stage name of the musician Antonije Pušić Rambo Amadeus
45%
Actor, producer, and occasionally, a singer whose nickname is Mima Milutin Karadžić
41%
Montenegrin-born Canadian tennis player who was world No.3 in 2016 Miloš Raonić
38%
Montenegrin-born Spanish basketballer who played in the NBA Nikola Mirotić
38%
Basketballer who played for Partizan, Panathinaikos and Minnesota Nikola Peković
31%
Singer who represented Montenegro at the Eurovision Song Contest 2014 Sergej Ćetković
28%
Film director known for WWII-themed movies from the Partisan film genre Veljko Bulajić
28%
General in the army of the Kingdom of Montenegro in the Balkan Wars and WWI Janko Vukotić
24%
Only Queen consort of Montenegro and the wife of Nikola I Milena
24%
President of Montenegro from 2002 to 2018 Filip Vujanović
21%
Writer famous for his masterpiece Lelejska gora Mihailo Lalić
21%
Yugoslav Partisan divisional commander during World War II Sava Kovačević
21%
Model who walked in both the 2005 and 2007 Victoria's Secret fashion shows Marija Vujović
7%
No matching quizzes found
Score Distribution
Percent of People with Each Score
Percentile by Number Answered
Your Score History
You have not taken this quiz since the last reset